[Event "Cappelle op 29th"]
[Site "Cappelle la Grande"]
[Date "2013.02.28"]
[Round "7"]
[White "Afek, Yochanan"]
[Black "Briquet, Daniel"]
[Result "1-0"]
[WhiteElo "2310"]
[BlackElo "1635"]
[PlyCount "41"]
[EventDate "2013.02.23"]
[EventType "swiss"]
[EventRounds "9"]
[EventCountry "FRA"]
[SourceTitle "CBM 153 Extra"]
[Source "ChessBase"]
[SourceDate "2013.04.22"]
[SourceVersion "1"]
[SourceVersionDate "2013.04.22"]
[SourceQuality "1"]

1. c4 c5 2. Nc3 Nf6 3. g3 e6 4. Bg2 Nc6 5. Nf3 Be7 6. 0-0 Rb8 7. d4 cxd4 8. Nxd4 0-0 9. Bf4 a6 10. Nxc6 dxc6 11. Qxd8 Rxd8 12. Bxb8 Rd4 13. b3 Nd7 14. Bf4 Bb4 15. Ne4 Nf8 16. Rad1 c5 17. e3 Rxd1 18. Rxd1 f6 19. Rd8 e5 20. Bxe5 fxe5 21. Rxc8 1-0